000 00570nam a22002057a 4500
999 _c6510
_d6510
003 OSt
005 20200129112529.0
008 150602b xxu||||| |||| 00| 0 eng d
020 _a0153748273
040 _cDDC
082 _a150 ENG 1979
100 _aSnellgrove/Engle
_95168
245 _aPsychology :
_bits Principles and Applications /
_cEngle / Snellgrove
250 _a7th ed.
260 _aOrlando:
_bHarcourt Brace Jovanovich;
_c1989.
300 _axv, 535 p :
_bcol.ill;
_c27 cm.
504 _aIncludes index.
650 _aPsychology
_931
942 _2z
_cO_SHELF